Biggest Cities on Kyushu Quiz - Statistics

General Stats
  • This quiz has been taken 55 times
    45 since last reset
  • The average score is 9 of 10
Answer Stats
Population City % Correct
1,573,450 Fukuoka
97%
945,595 Kitakyushu
97%
416,419 Nagasaki
97%
478,113 Oita
97%
739,556 Kumamoto
90%
398,841 Miyazaki
90%
597,139 Kagoshima
87%
234,342 Saga
83%
304,125 Kurume
77%
249,628 Sasebo
73%
No matching quizzes found
Score Distribution
Percent of People with Each Score
Percentile by Number Answered
Your Score History
You have not taken this quiz since the last reset